[Event "Poti op 17th"]
[Site "Poti"]
[Date "2024.07.24"]
[Round "9"]
[White "Hayrapetyan, Hovik"]
[Black "Simonian, Hrair"]
[Result "1-0"]
[WhiteElo "2454"]
[BlackElo "2397"]
[PlyCount "109"]
[EventDate "2024.07.16"]
[EventType "swiss"]
[EventRounds "9"]
[EventCountry "GEO"]
[SourceTitle "EXT 2025"]
[Source "ChessBase"]
[SourceDate "2024.10.14"]
[SourceVersion "1"]
[SourceVersionDate "2024.10.14"]
[SourceQuality "1"]

1. d4 Nf6 2. c4 e6 3. Nc3 d5 4. Nf3 Be7 5. Bf4 0-0 6. e3 b6 7. Be2 Bb7 8. 0-0 Nbd7 9. cxd5 Nxd5 10. Nxd5 exd5 11. Ne5 Nxe5 12. Bxe5 Bd6 13. Bxd6 Qxd6 14. Qc2 f5 15. Rac1 Rf7 16. g3 Raf8 17. h4 Re7 18. Bf3 g6 19. Kg2 h6 20. Rh1 Rg7 21. Rh2 a5 22. a3 Rf6 23. Qa4 Kf7 24. b4 axb4 25. axb4 Rg8 26. b5 Ra8 27. Qc2 Rc8 28. Rhh1 Kg7 29. Ra1 c5 30. bxc6 Rxc6 31. Qb3 Rc7 32. Ra7 Rcf7 33. Ra4 g5 34. hxg5 hxg5 35. Rb4 f4 36. exf4 gxf4 37. g4 Rg6 38. Rb1 Rff6 39. Qa4 Qb8 40. Re1 Qf8 41. Rb2 Qc8 42. Re7+ Rf7 43. Rxf7+ Kxf7 44. Qd1 Qd8 45. Qc1 Qd6 46. Rc2 Kf6 47. Re2 Rg5 48. Qh1 Kg6 49. Qh8 Qd7 50. Qg8+ Kf6 51. Qf8+ Kg6 52. Qxf4 Bc8 53. Rb2 Qc6 54. Kg3 Be6 55. Kh4 1-0

[Event "Poti op 17th"]
[Site "Poti"]
[Date "2024.07.20"]
[Round "5"]
[White "Quparadze, Giga"]
[Black "Simonian, Hrair"]
[Result "1-0"]
[WhiteElo "2516"]
[BlackElo "2397"]
[PlyCount "40"]
[EventDate "2024.07.16"]
[EventType "swiss"]
[EventRounds "9"]
[EventCountry "GEO"]
[SourceTitle "EXT 2025"]
[Source "ChessBase"]
[SourceDate "2024.10.14"]
[SourceVersion "1"]
[SourceVersionDate "2024.10.14"]
[SourceQuality "1"]

1. e4 c5 2. Nf3 Nc6 3. Bb5 e6 4. Bxc6 bxc6 5. d3 Ne7 6. Nbd2 Qc7 7. h4 e5 8. h5 d5 9. Qe2 f6 10. Nh2 Be6 11. Nhf1 a5 12. a4 c4 13. dxc4 dxe4 14. Nxe4 Nf5 15. c3 Qf7 16. Qf3 Rc8 17. h6 Nxh6 18. Bxh6 gxh6 19. Qf4 f5 20. Qxf5 Qf6 1-0

[Event "Poti op 17th"]
[Site "Poti"]
[Date "2024.07.19"]
[Round "4"]
[White "Simonian, Hrair"]
[Black "Kovalev, Vladislav"]
[Result "1-0"]
[WhiteElo "2397"]
[BlackElo "2559"]
[PlyCount "61"]
[EventDate "2024.07.16"]
[EventType "swiss"]
[EventRounds "9"]
[EventCountry "GEO"]
[SourceTitle "EXT 2025"]
[Source "ChessBase"]
[SourceDate "2024.10.14"]
[SourceVersion "1"]
[SourceVersionDate "2024.10.14"]
[SourceQuality "1"]

1. e4 c5 2. Nc3 Nc6 3. Bb5 Nd4 4. Bc4 e6 5. Nge2 Nf6 6. 0-0 a6 7. a4 d5 8. exd5 exd5 9. Ba2 Bd6 10. d3 Ne6 11. Kh1 Bb8 12. f4 b5 13. f5 Nc7 14. Nf4 b4 15. Qe1+ Kf8 16. Nce2 g5 17. Ne6+ fxe6 18. Bxg5 e5 19. Qh4 Kf7 20. Ng1 h6 21. Nf3 Nce8 22. Rae1 Bb7 23. Bxh6 a5 24. Re2 e4 25. Rxe4 Rxh6 26. Re5 Bxe5 27. Qxh6 Ke7 28. Nxe5 Qc7 29. Re1 Ne4 30. Ng4 d4 31. dxe4 1-0

[Event "Poti op 17th"]
[Site "Poti"]
[Date "2024.07.16"]
[Round "1"]
[White "Khachatryan, Anna"]
[Black "Simonian, Hrair"]
[Result "0-1"]
[WhiteElo "2013"]
[BlackElo "2397"]
[PlyCount "74"]
[EventDate "2024.07.16"]
[EventType "swiss"]
[EventRounds "9"]
[EventCountry "GEO"]
[SourceTitle "EXT 2025"]
[Source "ChessBase"]
[SourceDate "2024.10.14"]
[SourceVersion "1"]
[SourceVersionDate "2024.10.14"]
[SourceQuality "1"]

1. d4 Nf6 2. c4 b6 3. Nf3 Bb7 4. g3 g6 5. Bg2 Bg7 6. 0-0 0-0 7. Nc3 Ne4 8. Nxe4 Bxe4 9. Ne1 Bxg2 10. Nxg2 d5 11. Qa4 dxc4 12. Rd1 Qd5 13. Ne3 Qc6 14. Qxc4 Rd8 15. d5 Qxc4 16. Nxc4 c6 17. e4 cxd5 18. exd5 Rc8 19. Ne3 Nd7 20. Rb1 Nc5 21. b3 Ne4 22. Bb2 Rc7 23. Bxg7 Kxg7 24. Rbc1 Nc3 25. Kh1 Rac8 26. Rd2 b5 27. a3 Ne4 28. Rxc7 Rxc7 29. Rd4 f5 30. Kg2 Rc3 31. Rb4 Nd6 32. a4 a5 33. Rd4 b4 34. Nc4 Nxc4 35. bxc4 b3 36. d6 exd6 37. Rxd6 Rxc4 0-1

[Event "Titled Tuesday intern op 20th Jun Late"]
[Site "Chess.com INT"]
[Date "2023.06.20"]
[Round "6"]
[White "De la Villa Garcia, Jesus Maria"]
[Black "Simonian, Hrair"]
[Result "0-1"]
[WhiteElo "2449"]
[BlackElo "2431"]
[PlyCount "82"]
[EventDate "2023.06.20"]
[EventType "swiss (blitz)"]
[EventRounds "11"]
[EventCountry "USA"]
[SourceTitle "EXT 2024"]
[Source "ChessBase"]
[SourceDate "2023.10.10"]
[SourceVersion "1"]
[SourceVersionDate "2023.10.10"]
[SourceQuality "1"]

1. c4 e5 2. Nc3 Bb4 3. Nd5 Na6 4. a3 Ba5 5. b4 c6 6. Nc3 Bc7 7. Bb2 Ne7 8. Nf3 0-0 9. e3 d5 10. d4 e4 11. Nd2 Be6 12. cxd5 cxd5 13. Bxa6 bxa6 14. Nb3 a5 15. Nc5 axb4 16. axb4 a5 17. bxa5 Bxa5 18. 0-0 Bc7 19. Nb5 Bxh2+ 20. Kxh2 Qb8+ 21. Kg1 Qxb5 22. Qc2 Rfb8 23. Bc3 Qc4 24. Rfb1 Bf5 25. Rxb8+ Rxb8 26. Ra4 Qb5 27. Rb4 Qe8 28. Qa4 Qd8 29. Rb7 h5 30. Ba5 Qf8 31. Qb5 Rxb7 32. Qxb7 h4 33. Bc7 Qc8 34. Qa7 h3 35. Bg3 Ng6 36. gxh3 Bxh3 37. Qb7 Qg4 38. Qxd5 Qd1+ 39. Kh2 Bg4 40. Qb3 Qf1 41. Qb8+ Kh7 0-1

[Event "Titled Tuesday intern op 20th Jun Early"]
[Site "Chess.com INT"]
[Date "2023.06.20"]
[Round "11"]
[White "Simonian, Hrair"]
[Black "Koshulyan, Egor A"]
[Result "1-0"]
[WhiteElo "2431"]
[BlackElo "2136"]
[PlyCount "111"]
[EventDate "2023.06.20"]
[EventType "swiss (blitz)"]
[EventRounds "11"]
[EventCountry "USA"]
[SourceTitle "EXT 2024"]
[Source "ChessBase"]
[SourceDate "2023.10.10"]
[SourceVersion "1"]
[SourceVersionDate "2023.10.10"]
[SourceQuality "1"]

1. e4 c5 2. Nc3 Nc6 3. Bb5 g5 4. Bxc6 dxc6 5. d3 g4 6. Nge2 h5 7. Be3 b6 8. h4 Bg7 9. Qd2 Nf6 10. 0-0-0 Nd7 11. f3 b5 12. d4 b4 13. Na4 Qa5 14. b3 c4 15. d5 c3 16. Qe1 Nb6 17. Bxb6 axb6 18. Nd4 Bxd4 19. Rxd4 b5 20. a3 c5 21. Nxc5 Qxa3+ 22. Kd1 Qb2 23. Ke2 Qxc2+ 24. Ke3 Qxg2 25. Qf1 gxf3 26. Qxb5+ Kf8 27. Rf1 c2 28. Rd2 f2 29. Rdxf2 Qg3+ 30. Rf3 Qg7 31. Rxf7+ Qxf7 32. Rxf7+ Kxf7 33. Qf1+ Ke8 34. Na4 Bg4 35. Qc4 Rc8 36. Nc5 Bd1 37. Kd2 Rf8 38. Qb5+ Kf7 39. Qb6 Bg4 40. Kxc2 Kg7 41. Kd3 Rf3+ 42. Kd4 Rc3 43. Ne6+ Bxe6 44. Qxe6 Rf8 45. Qxe7+ Rf7 46. Qg5+ Kh7 47. Qxh5+ Kg7 48. Qg5+ Kh7 49. h5 Rff3 50. Qg6+ Kh8 51. h6 Rfd3+ 52. Ke5 Rc7 53. Qf6+ Kh7 54. d6 Rd7 55. Qe6 Rb7 56. Kf5 1-0

[Event "Titled Tuesday intern op 20th Jun Late"]
[Site "Chess.com INT"]
[Date "2023.06.20"]
[Round "8"]
[White "Simonian, Hrair"]
[Black "Le, Tuan Minh"]
[Result "0-1"]
[WhiteElo "2431"]
[BlackElo "2549"]
[PlyCount "76"]
[EventDate "2023.06.20"]
[EventType "swiss (blitz)"]
[EventRounds "11"]
[EventCountry "USA"]
[SourceTitle "EXT 2024"]
[Source "ChessBase"]
[SourceDate "2023.10.10"]
[SourceVersion "1"]
[SourceVersionDate "2023.10.10"]
[SourceQuality "1"]

1. Nf3 d5 2. d4 Nf6 3. Bf4 c5 4. e3 Qb6 5. Nc3 Bd7 6. Rb1 e6 7. Be2 Be7 8. 0-0 0-0 9. Ne5 Rc8 10. Bf3 Be8 11. a3 Nbd7 12. Na4 Qa6 13. Nxd7 Nxd7 14. Nxc5 Nxc5 15. dxc5 Bxc5 16. e4 d4 17. Be2 Qb6 18. Bd3 Bf8 19. e5 Bc6 20. Qg4 Bd5 21. b4 Rc3 22. a4 a6 23. a5 Qa7 24. Bd2 Rc7 25. h4 Rac8 26. h5 b5 27. axb6 Qxb6 28. Ra1 Rxc2 29. Bxc2 Rxc2 30. Rfc1 Rxd2 31. Rc8 d3 32. Rf1 Rc2 33. Re8 h6 34. Qh4 Qc7 35. b5 axb5 36. Qb4 Qc5 37. Qh4 d2 38. Qd8 Rc1 0-1

[Event "Titled Tuesday intern op 20th Jun Early"]
[Site "Chess.com INT"]
[Date "2023.06.20"]
[Round "1"]
[White "Simonian, Hrair"]
[Black "Moskvin, Anatoly"]
[Result "1-0"]
[WhiteElo "2431"]
[BlackElo "2189"]
[PlyCount "93"]
[EventDate "2023.06.20"]
[EventType "swiss (blitz)"]
[EventRounds "11"]
[EventCountry "USA"]
[SourceTitle "EXT 2024"]
[Source "ChessBase"]
[SourceDate "2023.10.10"]
[SourceVersion "1"]
[SourceVersionDate "2023.10.10"]
[SourceQuality "1"]

1. e4 e5 2. Nf3 Nc6 3. Bb5 Nge7 4. 0-0 a6 5. Ba4 d6 6. Nc3 Bd7 7. Bb3 Ng6 8. d4 Be7 9. dxe5 dxe5 10. Nd5 h6 11. Nxe7 Qxe7 12. h3 Rd8 13. Qe2 0-0 14. c3 Be6 15. Bxe6 Qxe6 16. Be3 Rd7 17. b3 Rfd8 18. Rfd1 Nf4 19. Bxf4 exf4 20. Rxd7 Qxd7 21. Re1 Qd3 22. e5 Qxe2 23. Rxe2 Rd3 24. c4 Rd1+ 25. Kh2 Nb4 26. h4 Nd3 27. h5 Rf1 28. g3 Ra1 29. Kg2 Kf8 30. Rd2 Nb4 31. gxf4 Rxa2 32. Rd7 c5 33. e6 fxe6 34. Ne5 Nc6 35. Ng6+ Kg8 36. Rxb7 Rd2 37. Rc7 Rd6 38. Rc8+ Nd8 39. Rxc5 Kf7 40. Rc7+ Kf6 41. Ne5 Rb6 42. Rd7 Rb8 43. c5 Kf5 44. Kg3 Rxb3+ 45. f3 Rb8 46. c6 Nxc6 47. Rf7# 1-0

[Event "Titled Tuesday intern op 20th Jun Early"]
[Site "Chess.com INT"]
[Date "2023.06.20"]
[Round "9"]
[White "Souleidis, Georgios"]
[Black "Simonian, Hrair"]
[Result "1/2-1/2"]
[WhiteElo "2419"]
[BlackElo "2431"]
[PlyCount "85"]
[EventDate "2023.06.20"]
[EventType "swiss (blitz)"]
[EventRounds "11"]
[EventCountry "USA"]
[SourceTitle "EXT 2024"]
[Source "ChessBase"]
[SourceDate "2023.10.10"]
[SourceVersion "1"]
[SourceVersionDate "2023.10.10"]
[SourceQuality "1"]

1. e4 c5 2. Be2 Nc6 3. d3 g6 4. f4 Bg7 5. Nf3 d6 6. 0-0 e6 7. c3 Nge7 8. Be3 0-0 9. d4 cxd4 10. cxd4 d5 11. e5 Nf5 12. Bf2 h5 13. Qd2 a6 14. Nc3 b5 15. Rac1 Bd7 16. b3 Rc8 17. g3 Qe7 18. h3 h4 19. g4 Ng3 20. Bxg3 hxg3 21. Kg2 Rc7 22. Kxg3 Rfc8 23. Bd3 b4 24. Na4 a5 25. Nb6 Rb8 26. Nxd7 Qxd7 27. Rc2 Ne7 28. Rfc1 Rxc2 29. Rxc2 a4 30. Qc1 axb3 31. axb3 Rc8 32. Rxc8+ Qxc8 33. Qxc8+ Nxc8 34. Bb5 Bf8 35. h4 Be7 36. g5 Bd8 37. Kf2 Ne7 38. Bd3 Bb6 39. Ke3 Nc6 40. Bb5 Ne7 41. Bd3 Nc6 42. Bb5 Ne7 43. Bd3 1/2-1/2

[Event "Titled Tuesday intern op 13th Jun Late"]
[Site "Chess.com INT"]
[Date "2023.06.13"]
[Round "6"]
[White "Anton Guijarro, David"]
[Black "Simonian, Hrair"]
[Result "0-1"]
[WhiteElo "2691"]
[BlackElo "2431"]
[PlyCount "74"]
[EventDate "2023.06.13"]
[EventType "swiss (blitz)"]
[EventRounds "11"]
[EventCountry "USA"]
[SourceTitle "EXT 2024"]
[Source "ChessBase"]
[SourceDate "2023.10.10"]
[SourceVersion "1"]
[SourceVersionDate "2023.10.10"]
[SourceQuality "1"]

1. Nf3 Nf6 2. b3 d5 3. Bb2 c5 4. e3 Nc6 5. Bb5 Bd7 6. 0-0 Qc7 7. c4 a6 8. Bxc6 Bxc6 9. Ne5 e6 10. Nxc6 Qxc6 11. Bxf6 gxf6 12. cxd5 Qxd5 13. Nc3 Qf5 14. d4 Rg8 15. g3 h5 16. d5 0-0-0 17. e4 Qh3 18. Qf3 h4 19. Ne2 Bd6 20. Qg2 Qg4 21. f3 Qg6 22. g4 h3 23. Qf2 f5 24. exf5 exf5 25. Ng3 fxg4 26. fxg4 Qxg4 27. Qf5+ Qxf5 28. Rxf5 Bxg3 29. hxg3 Rxg3+ 30. Kf2 Rd3 31. Rxf7 R8xd5 32. Rh7 Rd2+ 33. Ke3 R5d3+ 34. Ke4 h2 35. Rf1 Kb8 36. Rff7 Rd4+ 37. Ke5 Re2+ 0-1

[Event "Titled Tuesday intern op 13th Jun Late"]
[Site "Chess.com INT"]
[Date "2023.06.13"]
[Round "1"]
[White "Simonian, Hrair"]
[Black "Argandona Riveiro, Inigo"]
[Result "1-0"]
[WhiteElo "2431"]
[BlackElo "2344"]
[PlyCount "63"]
[EventDate "2023.06.13"]
[EventType "swiss (blitz)"]
[EventRounds "11"]
[EventCountry "USA"]
[SourceTitle "EXT 2024"]
[Source "ChessBase"]
[SourceDate "2023.10.10"]
[SourceVersion "1"]
[SourceVersionDate "2023.10.10"]
[SourceQuality "1"]

1. e4 d6 2. d4 Nf6 3. Nc3 e5 4. Nf3 Nbd7 5. Bc4 Be7 6. dxe5 Nxe5 7. Nxe5 dxe5 8. Qxd8+ Bxd8 9. f3 c6 10. a4 Bb6 11. a5 Bd4 12. Ne2 Bc5 13. c3 a6 14. b4 Ba7 15. Ng3 h5 16. Ke2 h4 17. Nf5 Bxf5 18. exf5 Nd5 19. Bd2 0-0-0 20. g3 f6 21. Bd3 Ne7 22. Be4 Rh5 23. g4 Rhh8 24. c4 Bd4 25. Rab1 Rd7 26. b5 cxb5 27. cxb5 axb5 28. Rxb5 Ba7 29. Rc1+ Kb8 30. Rcb1 Rhd8 31. Rxb7+ Kc8 32. Rc1+ 1-0

[Event "Titled Tuesday intern op 13th Jun Late"]
[Site "Chess.com INT"]
[Date "2023.06.13"]
[Round "10"]
[White "Simonian, Hrair"]
[Black "Bortnyk, Olexandr"]
[Result "0-1"]
[WhiteElo "2431"]
[BlackElo "2605"]
[PlyCount "100"]
[EventDate "2023.06.13"]
[EventType "swiss (blitz)"]
[EventRounds "11"]
[EventCountry "USA"]
[SourceTitle "EXT 2024"]
[Source "ChessBase"]
[SourceDate "2023.10.10"]
[SourceVersion "1"]
[SourceVersionDate "2023.10.10"]
[SourceQuality "1"]

1. e4 Nf6 2. e5 Nd5 3. c4 Nb6 4. d4 d6 5. exd6 exd6 6. Nc3 Be7 7. Bd3 0-0 8. Nge2 c6 9. 0-0 Na6 10. b3 d5 11. c5 Nd7 12. a3 Nc7 13. b4 Ne6 14. Qc2 g6 15. Bh6 Re8 16. a4 Bf6 17. Be3 Bg7 18. b5 Qh4 19. f4 f5 20. Bf2 Qh6 21. g3 Nf6 22. Kh1 Ng4 23. Bg1 Bd7 24. h4 Re7 25. Kg2 Rae8 26. bxc6 bxc6 27. Rab1 Bf6 28. Rb7 Qg7 29. Nd1 Nxd4 30. Nxd4 Bxd4 31. Bxd4 Qxd4 32. Rf3 Bc8 33. Rxe7 Rxe7 34. Bf1 Re1 35. Nf2 Ne3+ 36. Rxe3 Rxe3 37. Qb1 Qxc5 38. Nd3 Qb6 39. Qa1 Ba6 40. Ne5 Bxf1+ 41. Qxf1 Qb2+ 42. Kh3 Re2 43. Qg1 c5 44. Nf3 d4 45. Qd1 Qc2 46. Qa1 Qe4 47. Qf1 d3 48. Ng5 Qg2+ 49. Qxg2 Rxg2 50. Kxg2 d2 0-1

[Event "Titled Tuesday intern op 13th Jun Late"]
[Site "Chess.com INT"]
[Date "2023.06.13"]
[Round "3"]
[White "Simonian, Hrair"]
[Black "Van Foreest, Jorden"]
[Result "1-0"]
[WhiteElo "2431"]
[BlackElo "2695"]
[PlyCount "95"]
[EventDate "2023.06.13"]
[EventType "swiss (blitz)"]
[EventRounds "11"]
[EventCountry "USA"]
[SourceTitle "EXT 2024"]
[Source "ChessBase"]
[SourceDate "2023.10.10"]
[SourceVersion "1"]
[SourceVersionDate "2023.10.10"]
[SourceQuality "1"]

1. e4 e5 2. Nf3 Nc6 3. Bb5 Nf6 4. 0-0 d6 5. d4 exd4 6. Nxd4 Bd7 7. Bxc6 bxc6 8. Re1 Be7 9. Nf5 Bxf5 10. exf5 0-0 11. Qf3 d5 12. b3 Re8 13. Bb2 Bb4 14. Nc3 Qd7 15. h3 h6 16. Rxe8+ Rxe8 17. Na4 Ne4 18. Rd1 Bd6 19. c4 Be5 20. Bc1 d4 21. g3 Bf6 22. Kg2 Bg5 23. Ba3 Bf6 24. Nc5 Nxc5 25. Bxc5 a6 26. Rd3 Re1 27. Qg4 Qe8 28. Bxd4 Re4 29. Qd1 Re1 30. Qf3 Bxd4 31. Rxd4 Qe5 32. Rd8+ Kh7 33. f6 gxf6 34. Qg4 Qg5 35. Qxg5 hxg5 36. Ra8 Kg6 37. Rxa6 Re6 38. Ra7 Re2 39. Rxc7 Rxa2 40. Rxc6 Rb2 41. Rb6 Kf5 42. c5 Rc2 43. b4 Ke5 44. c6 f5 45. Rb5+ Kd6 46. Rc5 Rxc5 47. bxc5+ Kxc6 48. h4 1-0

[Event "Titled Tuesday intern op 13th Jun Late"]
[Site "Chess.com INT"]
[Date "2023.06.13"]
[Round "8"]
[White "Simonian, Hrair"]
[Black "Xiong, Jeffery"]
[Result "1-0"]
[WhiteElo "2431"]
[BlackElo "2692"]
[PlyCount "61"]
[EventDate "2023.06.13"]
[EventType "swiss (blitz)"]
[EventRounds "11"]
[EventCountry "USA"]
[SourceTitle "EXT 2024"]
[Source "ChessBase"]
[SourceDate "2023.10.10"]
[SourceVersion "1"]
[SourceVersionDate "2023.10.10"]
[SourceQuality "1"]

1. e4 e6 2. d4 d5 3. Nc3 Nf6 4. Bg5 dxe4 5. Nxe4 Be7 6. Bxf6 gxf6 7. Nf3 f5 8. Nc3 a6 9. Qd2 b5 10. 0-0-0 Bb7 11. Kb1 Nd7 12. d5 e5 13. Re1 b4 14. Na4 Bd6 15. Nxe5 Nxe5 16. f4 f6 17. fxe5 fxe5 18. g4 Qd7 19. b3 fxg4 20. Qg5 Bxd5 21. Rxe5+ Bxe5 22. Qxe5+ Kf7 23. Nc5 Qd6 24. Qf5+ Ke7 25. Qg5+ Kf7 26. Bc4 Bxc4 27. bxc4 Qf6 28. Qh5+ Qg6 29. Rf1+ Kg7 30. Qe5+ Kg8 31. Rf6 1-0

[Event "Titled Tuesday intern op 06th Jun Late"]
[Site "Chess.com INT"]
[Date "2023.06.06"]
[Round "5"]
[White "Aggelis, Nikolaos"]
[Black "Simonian, Hrair"]
[Result "0-1"]
[WhiteElo "2270"]
[BlackElo "2431"]
[PlyCount "128"]
[EventDate "2023.06.06"]
[EventType "swiss (blitz)"]
[EventRounds "11"]
[EventCountry "USA"]
[SourceTitle "EXT 2024"]
[Source "ChessBase"]
[SourceDate "2023.10.10"]
[SourceVersion "1"]
[SourceVersionDate "2023.10.10"]
[SourceQuality "1"]

1. c4 e5 2. g3 Nc6 3. Bg2 Nf6 4. Nc3 Bb4 5. Nd5 Bc5 6. e3 0-0 7. Ne2 Re8 8. 0-0 e4 9. a3 a5 10. Rb1 b6 11. b4 axb4 12. axb4 Bf8 13. Nec3 Nxd5 14. Nxd5 d6 15. Qc2 Bf5 16. Bb2 Ne5 17. Ra1 Rxa1 18. Rxa1 c6 19. Nf4 d5 20. b5 Nxc4 21. bxc6 Qd6 22. Rc1 Qxc6 23. Nxd5 Qxd5 24. Qxc4 Qxd2 25. Bd4 b5 26. Qc2 Qxc2 27. Rxc2 b4 28. h3 b3 29. Rb2 Rb8 30. g4 Be6 31. Bxe4 Ba3 32. Rb1 b2 33. Rd1 Rc8 34. Kg2 Rc1 35. Bxb2 Rxd1 36. Bxa3 Bd5 37. Bxd5 Rxd5 38. Bb2 Rd3 39. Bd4 Rb3 40. f4 h6 41. h4 g6 42. Kg3 f5 43. h5 Kf7 44. hxg6+ Kxg6 45. gxf5+ Kxf5 46. Kh4 Rb1 47. Bc5 Rh1+ 48. Kg3 h5 49. Bd4 Rd1 50. Bc5 Rg1+ 51. Kh2 Rg4 52. Bd4 Ke4 53. Kh3 Rg1 54. Kh4 Rh1+ 55. Kg3 Kf5 56. Kf3 Rh3+ 57. Kg2 Kg4 58. f5 Rg3+ 59. Kh2 Rf3 60. f6 h4 61. Kg2 h3+ 62. Kh2 Rf2+ 63. Kg1 h2+ 64. Kh1 Kh3 0-1

[Event "Titled Tuesday intern op 06th Jun Late"]
[Site "Chess.com INT"]
[Date "2023.06.06"]
[Round "10"]
[White "Tanenbaum, Zachary Chen"]
[Black "Simonian, Hrair"]
[Result "0-1"]
[WhiteElo "2247"]
[BlackElo "2431"]
[PlyCount "128"]
[EventDate "2023.06.06"]
[EventType "swiss (blitz)"]
[EventRounds "11"]
[EventCountry "USA"]
[SourceTitle "EXT 2024"]
[Source "ChessBase"]
[SourceDate "2023.10.10"]
[SourceVersion "1"]
[SourceVersionDate "2023.10.10"]
[SourceQuality "1"]

1. e4 c5 2. Nf3 e6 3. d4 cxd4 4. Nxd4 a6 5. Bd3 Bc5 6. Nb3 Ba7 7. Qe2 d6 8. Be3 Bxe3 9. Qxe3 Nf6 10. 0-0 Nc6 11. f4 e5 12. N1d2 0-0 13. Kh1 b5 14. a4 Rb8 15. axb5 axb5 16. Nf3 Ng4 17. Qd2 Qb6 18. Rae1 exf4 19. Qxf4 Nf2+ 20. Rxf2 Qxf2 21. Qxd6 Bh3 22. Bf1 Bg4 23. Re2 Qxf1+ 24. Ng1 Bxe2 25. Qxc6 Rbd8 26. Qc5 Rd1 27. h3 Qxg1+ 28. Qxg1 Rxg1+ 29. Kxg1 Bd1 30. Nd4 Rd8 31. c3 Ba4 32. Kf2 b4 33. Ke3 bxc3 34. bxc3 Rc8 35. Kd3 f6 36. Nf5 Kf8 37. c4 Bb3 38. Ne3 Ke7 39. Kc3 Ba4 40. Nd5+ Kd8 41. Nb6 Bc6 42. Nxc8 Kxc8 43. Kd4 Kd7 44. g3 Ke6 45. Kc5 Bxe4 46. Kd4 Bg2 47. h4 Kf5 48. Ke3 Kg4 49. Kf2 Bc6 50. c5 h5 51. Kg1 Kxg3 52. Kf1 g5 53. hxg5 fxg5 54. Ke2 h4 55. Ke3 h3 56. Kd4 h2 57. Ke5 h1Q 58. Kf5 Qd5+ 59. Kg6 g4 60. Kh6 Kf4 61. Kg6 Qe6+ 62. Kg7 Kg5 63. Kf8 Bd5 64. Kg7 Qg8# 0-1

[Event "Titled Tuesday intern op 30th May Early"]
[Site "Chess.com INT"]
[Date "2023.05.30"]
[Round "10"]
[White "Jakubowski, Krzysztof"]
[Black "Simonian, Hrair"]
[Result "0-1"]
[WhiteElo "2486"]
[BlackElo "2431"]
[PlyCount "50"]
[EventDate "2023.05.30"]
[EventType "swiss (blitz)"]
[EventRounds "11"]
[EventCountry "USA"]
[SourceTitle "CBM 214 Extra"]
[Source "ChessBase"]
[SourceDate "2023.07.31"]
[SourceVersion "1"]
[SourceVersionDate "2023.07.31"]
[SourceQuality "1"]

1. c4 e5 2. Nc3 Bb4 3. g3 Bxc3 4. bxc3 d6 5. Bg2 Ne7 6. Rb1 Nbc6 7. d3 b6 8. e4 Bd7 9. Ne2 Qc8 10. 0-0 Bh3 11. f4 Bxg2 12. Kxg2 exf4 13. gxf4 f5 14. Ng3 0-0 15. Rb2 Qd7 16. Re2 fxe4 17. dxe4 Qe6 18. Kh1 Qxc4 19. Rg2 Rf7 20. f5 Ne5 21. Rf4 Raf8 22. Qg1 N7g6 23. Nh5 Nxf4 24. Rxg7+ Kh8 25. Nxf4 Rxg7 0-1

[Event "Titled Tuesday intern op 30th May Late"]
[Site "Chess.com INT"]
[Date "2023.05.30"]
[Round "6"]
[White "Mazurkiewicz, Michal"]
[Black "Simonian, Hrair"]
[Result "0-1"]
[WhiteElo "2145"]
[BlackElo "2431"]
[PlyCount "86"]
[EventDate "2023.05.30"]
[EventType "swiss (blitz)"]
[EventRounds "11"]
[EventCountry "USA"]
[SourceTitle "CBM 214 Extra"]
[Source "ChessBase"]
[SourceDate "2023.07.31"]
[SourceVersion "1"]
[SourceVersionDate "2023.07.31"]
[SourceQuality "1"]

1. e4 c5 2. Nf3 e6 3. d3 Nc6 4. g3 d5 5. Nbd2 Bd6 6. Bg2 Nge7 7. 0-0 0-0 8. Re1 Bc7 9. b3 b5 10. Bb2 a5 11. a4 b4 12. h4 d4 13. Nc4 e5 14. h5 h6 15. Nh4 Be6 16. Bc1 Qd7 17. f4 Bg4 18. Bf3 Bxf3 19. Qxf3 f5 20. exf5 Nxf5 21. Ng6 exf4 22. Nxf8 Rxf8 23. Bxf4 Nh4 24. Qe4 Bxf4 25. gxh4 Qg4+ 26. Qg2 Qxh4 27. Re4 Ne7 28. Rf1 Nd5 29. Re5 Bh2+ 30. Qxh2 Rxf1+ 31. Kxf1 Ne3+ 32. Rxe3 Qxh2 33. Re2 Qxh5 34. Re5 Qd1+ 35. Kf2 Qxc2+ 36. Re2 Qxd3 37. Ne5 Qxb3 38. Nd7 c4 39. Re8+ Kf7 40. Rd8 Qxa4 41. Ne5+ Ke6 42. Nxc4 Qa2+ 43. Kg3 Qxc4 0-1

[Event "Titled Tuesday intern op 30th May Early"]
[Site "Chess.com INT"]
[Date "2023.05.30"]
[Round "8"]
[White "Pranesh, Munirethinam"]
[Black "Simonian, Hrair"]
[Result "1-0"]
[WhiteElo "2493"]
[BlackElo "2431"]
[PlyCount "79"]
[EventDate "2023.05.30"]
[EventType "swiss (blitz)"]
[EventRounds "11"]
[EventCountry "USA"]
[SourceTitle "CBM 214 Extra"]
[Source "ChessBase"]
[SourceDate "2023.07.31"]
[SourceVersion "1"]
[SourceVersionDate "2023.07.31"]
[SourceQuality "1"]

1. e4 c5 2. Nf3 e6 3. d4 cxd4 4. Nxd4 a6 5. Bd3 Bc5 6. Nb3 Be7 7. 0-0 d6 8. c4 b6 9. Nc3 Bb7 10. f4 Nd7 11. Kh1 Ngf6 12. Qe1 h5 13. h3 Qc7 14. Be3 h4 15. Kh2 Nh5 16. Rc1 g5 17. fxg5 d5+ 18. Kg1 dxc4 19. Be2 Ng3 20. Bf4 Bc5+ 21. Nxc5 Qxc5+ 22. Rf2 e5 23. Bd2 b5 24. Kh2 Nf8 25. b3 Ne6 26. bxc4 b4 27. Nd5 Nxe4 28. Nf6+ Nxf6 29. Rxf6 0-0-0 30. Rxf7 Kb8 31. Bxb4 Qc6 32. Bf3 e4 33. Rxb7+ Qxb7 34. Bxe4 Qc7+ 35. Kh1 Nd4 36. Ba5 Qc5 37. Rb1+ Kc8 38. Bb6 Qxg5 39. Bb7+ Kd7 40. Bxd4 1-0

[Event "Titled Tuesday intern op 30th May Late"]
[Site "Chess.com INT"]
[Date "2023.05.30"]
[Round "5"]
[White "Simonian, Hrair"]
[Black "Becerra, Juan David"]
[Result "0-1"]
[WhiteElo "2431"]
[BlackElo "2382"]
[PlyCount "72"]
[EventDate "2023.05.30"]
[EventType "swiss (blitz)"]
[EventRounds "11"]
[EventCountry "USA"]
[SourceTitle "CBM 214 Extra"]
[Source "ChessBase"]
[SourceDate "2023.07.31"]
[SourceVersion "1"]
[SourceVersionDate "2023.07.31"]
[SourceQuality "1"]

1. e4 e5 2. Nf3 Nc6 3. Bb5 f5 4. d3 fxe4 5. dxe4 d6 6. 0-0 Nf6 7. Qd3 Be7 8. Qc4 h6 9. Nc3 Qd7 10. Nd5 a6 11. Bxc6 bxc6 12. Nxe7 Kxe7 13. Nh4 Re8 14. Ng6+ Kd8 15. f4 exf4 16. Bxf4 Rxe4 17. Qd3 Qf5 18. Qg3 Qc5+ 19. Kh1 Bf5 20. Rad1 Kc8 21. b4 Qc4 22. Bxd6 Bxg6 23. Qxg6 cxd6 24. Qxg7 Nd7 25. Rf7 Qe6 26. Qh7 Re1+ 27. Rf1 Rxd1 28. Rxd1 Kc7 29. c4 Re8 30. h3 Qxc4 31. Qxh6 Qxb4 32. Qg6 Re1+ 33. Rxe1 Qxe1+ 34. Kh2 Qe5+ 35. Kh1 c5 36. h4 Qe1+ 0-1